Best Players Kentucky Calipari Era - Statistics

General Stats
  • This quiz has been taken 14 times
    9 since last reset
  • The average score is 49 of 109
Answer Stats
Hint Answer Position (YRS) % Correct
1 Anthony Davis F (2012)
100%
32 Aaron Harrison G (2014-15)
86%
36 Andrew Harrison G (2014-15)
86%
19 Bam Adebayo C (2017)
86%
27 Devin Booker G (2015)
86%
8 Malik Monk G (2017)
86%
2 Oscar Tshiebwe C (2022-)
86%
17 PJ Washington F (2018-19)
86%
88 Ramon Harris G (2010)
86%
23 Tyler Herro G (2019)
86%
4 Tyler Ulis G (2015-16)
86%
33 TyTy Washington G (2022)
86%
14 Willie Cauley-Stein C (2013-15)
86%
11 Brandon Knight G (2011)
71%
29 Cason Wallace G (2023)
71%
31 Darius Miller F (2010-12)
71%
9 De'Aaron Fox G (2017)
71%
5 DeMarcus Cousins C (2010)
71%
22 Doron Lamb G (2011-12)
71%
30 Eric Bledsoe G (2010)
71%
7 Jamal Murray G (2016)
71%
3 John Wall G (2010)
71%
6 Karl-Anthony Towns F (2015)
71%
12 Michael Kidd-Gilchrist F (2012)
71%
16 Nerlens Noel C (2013)
71%
41 Archie Goodwin G (2013)
57%
58 BJ Boston G (2021)
57%
75 Daniel Orton C (2010)
57%
48 DeAndre Liggins G (2010-11)
57%
15 Immanuel Quickley G (2019-20)
57%
26 James Young F (2014)
57%
65 Jarred Vanderbilt F (2020)
57%
10 Julius Randle F (2014)
57%
45 Keion Brooks Jr F (2020-22)
57%
28 Keldon Johnson F (2019)
57%
24 Kevin Knox F (2018)
57%
34 Marquis Teague G (2012)
57%
25 Nick Richards C (2018-20)
57%
18 Patrick Patterson F (2010)
57%
20 Shai Gilgeous-Alexander G (2018)
57%
69 Terrence Clarke G (2021)
57%
21 Tyrese Maxey G (2020)
57%
35 Alex Poythress F (2013-16)
43%
40 Antonio Reeves G (2023-)
43%
39 Ashton Hagans G (2019-20)
43%
81 Daimion Collins F (2022-)
43%
54 Dakari Johnson C (2014-15)
43%
72 Darnell Dodson F (2010)
43%
46 Derek Willis F (2014-17)
43%
79 Dontaie Allen G (2021-22)
43%
38 Isaiah Briscoe G (2016-17)
43%
43 Isaiah Jackson F (2021)
43%
51 Josh Harrellson C (2010-11)
43%
50 Kyle Wiltjer F (2012-13)
43%
64 Quade Green G (2018-19)
43%
53 Reid Travis F (2019)
43%
67 Ryan Harrow G (2013)
43%
76 Sacha Killeya-Jones F (2017-18)
43%
44 Sahvir Wheeler G (2022-23)
43%
62 Skal Labissiere F (2016)
43%
13 Terrence Jones F (2011-12)
43%
37 Trey Lyles F (2015)
43%
56 Wenyen Gabriel F (2017-18)
43%
93 Brad Calipari G (2017-19)
29%
95 Brennan Canada F (2020-)
29%
59 Chris Livingston F (2023)
29%
68 CJ Fredrick G (2022-)
29%
49 Davion Mintz G (2021-22)
29%
71 Devin Askew G (2021)
29%
60 EJ Montgomery F (2019-20)
29%
83 Eloy Vargas C (2011-12)
29%
52 Hamidou Diallo G (2018)
29%
47 Jacob Toppin F (2021-23)
29%
77 Jarrod Polson` G (2011-14)
29%
87 Jon Hood G (2010-14)
29%
101 Jonny David G (2016-19)
29%
85 Kahlil Whitney F (2020)
29%
108 Kareem Watkins G (2021-)
29%
42 Kellan Grady G (2022)
29%
80 Lance Ware F (2021-)
29%
61 Marcus Lee F (2014-16)
29%
74 Mychal Mulder G (2016-17)
29%
63 Nate Sestina F (2020)
29%
100 Sam Malone G (2012-15)
29%
103 Tod Lanter G (2013-15)
29%
94 Twany Beckham G (2011-12)
29%
90 Ugonna Onyenso C (2023-)
29%
86 Adou Thiero G (2023-)
14%
104 Ben Jordan F (2020)
14%
102 Brian Long G (2012-15)
14%
82 Bryce Hopkins F (2022)
14%
91 Cam'Ron Fletcher F (2021)
14%
78 Charles Matthews G (2016)
14%
105 Dillon Pulliam G (2016-18)
14%
55 Dominique Hawkins G (2014-17)
14%
99 EJ Floreal G (2014-16)
14%
109 Grant Darbyshire G (2023-)
14%
70 Isaac Humphries C (2016-17)
14%
84 Jemarl Baker G (2018-19)
14%
73 Johnny Juzang G (2020)
14%
66 Julius Mays G (2013)
14%
97 Mark Krebs G (2010)
14%
57 Olivier Sarr F (2021)
14%
89 Perry Stevenson F (2010)
14%
107 Riley Welch G (2020-21)
14%
96 Stacey Poole Jr G (2011)
14%
92 Tai Wynyard F (2016-18)
14%
106 Walker Horn G (2023-)
14%
98 Zan Payne G (2019-22)
14%
No matching quizzes found
Score Distribution
Percent of People with Each Score
Percentile by Number Answered
Your Score History
You have not taken this quiz since the last reset